书目信息 |
| 书名: | Linear Representations of Finite Groups | |
| 作者: | Jean-Pierre Serre. | |
| 分册号: | ||
| 分册名: | 出版地: | New York : |
|
| 出版社: | Springer-Verlag | |
| 出版时间: | c1977. | |
| 页数: | 170 p. ; | |
| 开本: | 20cm. | |
| 丛书名: | ||
| 中图分类号: | ||
| 科图分类号: | ||
| 其他分类号: | H31:O1 | |
| 主题词: | ||
| 电子资源: | ||
| 000 | 00404nam 2200145 a 4500 | |
| 001 | E0756096738 | |
| 005 | 20070506153655.10 | |
| 008 | 070506s1977 00010 eng | |
| 020 | @a0-387-90190-6. | |
| 040 | @aPFT@beng | |
| 090 | @aH31:O1 | |
| 099 | @dH31:O1@ex21 | |
| 245 | 1 | @aLinear Representations of Finite Groups / @cJean-Pierre Serre. |
| 260 | @aNew York :@bSpringer-Verlag,@cc1977. | |
| 300 | @a170 p. ;@c20cm. | |
| Linear Representations of Finite Groups / / Jean-Pierre Serre.-New York : : Springer-Verlag, , c1977. |
| 170 p. ; ; 20cm. |
| ISBN 0-387-90190-6. |
| ● |
| 相关链接 |
|
|
|
|
正题名:Linear Representations of Finite Groups
索取号:H31:O1/x21
 
预约/预借
| 序号 | 登录号 | 条形码 | 馆藏地/架位号 | 状态 | 备注 |
| 1 | 13198 | 000453173 | 第二样本阅览室/ [索取号:H31:O1/x21] | 在馆 |